00926nam a22002292 450000100060000000300080000600500170001400800410003103500190007204000320009104100080012308200260013124501890015726000470034630000250039350400410041865000340045971000370049394200120053099900170054295201370055931207BD-RjUL20211209051655.0140413s1978 enk b i000 0 eng d a(BD-RjUL)31294 aZCLcZCLdEQOdBD-RjULbeng aeng a909.0971241bCOR 197800aRecognition and enforcement of judgments and orders and the service of process within the Commonwealth :ba report of a working meeting held at Basseterre, St. Kitts, 24-28 April 1978. aLondon :bCommonwealth Secretariat,c1978. aix, 354 p. ;c30 cm. aIncludes bibliographical references. 0aCommonwealth Countries9949292 aCommonwealth Secretariat.915788 2ddccBK c31207d31207 00102ddc40718NFICaRUCLbRUCLcReadingd1979-02-06eN/Ag0.00l0o909.0971241 COR 1978r2014-04-13 00:00:00tC-1w2014-04-13yBK